000 00407nam a22001697a 4500
003 NUST - PNEC
005 20170116181102.0
008 151003b xxu||||| |||| 00| 0 eng d
020 _a0330287486
040 _cLIBRARY
082 _a658.40354 ADA
100 _912441
_aAdair, John Eric
245 _aEffective decision making
_cJohn Eric Adair
260 _cc.1999
650 _xMIS
942 _2ddc
_cBK
999 _c68803
_d68803